000
00258nam a2200097Ia 4500
001
985502
005
20250826221044.0
008
250824s9999 xx 000 0 und d
245
0
_a
KAFADAN KONTAKLAR ADRESE TESLİM
_c
PHİLİP ARDAGH
260
_b
PARODİ YAYINLARI
999
_c
985502
_d
985502